书目信息 |
| 题名: |
电脑组装·维护·故障排除
|
|
| 作者: | 胡元元 主编 | |
| 分册: | ||
| 出版信息: | 南京 东南大学出版社 2018.01 |
|
| 页数: | 271页 | |
| 开本: | 26cm | |
| 丛书名: | ||
| 单 册: | ||
| 中图分类: | TP3 , TP306 | |
| 科图分类: | ||
| 主题词: | 电子计算机--dian zi ji suan ji--基本知识 , 计算机维护--ji suan ji wei hu , 电子计算机--dian zi ji suan ji--故障修复 | |
| 电子资源: | ||
| ISBN: | 978-7-5641-7615-0 | |
| 000 | 01157nam0 2200289 450 | |
| 001 | 0106081808 | |
| 005 | 20201106082044.0 | |
| 010 | @a978-7-5641-7615-0@dCNY39.00 | |
| 100 | @a20181129e20192018em y0chiy50 ea | |
| 101 | 0 | @achi |
| 102 | @aCN@b320000 | |
| 105 | @aa z 000yy | |
| 106 | @ar | |
| 200 | 1 | @a电脑组装·维护·故障排除@Adian nao zu zhuang · wei hu · gu zhang pai chu@f胡元元主编 |
| 210 | @a南京@c东南大学出版社@d2018.01@h2019.07 | |
| 215 | @a271页@c图@d26cm@e1光盘 | |
| 300 | @a轻松学电脑教程系列 | |
| 307 | @a附光盘:ISBN 978-7-900798-93-0 | |
| 330 | @a本书全面介绍了电脑组装、维护和故障排除的相关知识。全书共分11章,涵盖了电脑的基础知识,电脑的硬件选购,组装电脑,设置BIOS,安装与配置操作系统,安装驱动程序与检测电脑,系统应用与常用软件,电脑的网络应用,电脑的日常维护与安全防范,电脑的优化,排除常见电脑故障等内容。 | |
| 606 | 0 | @a电子计算机@Adian zi ji suan ji@x基本知识 |
| 606 | 0 | @a计算机维护@Aji suan ji wei hu |
| 606 | 0 | @a电子计算机@Adian zi ji suan ji@x故障修复 |
| 690 | @aTP3@v5 | |
| 690 | @aTP306@v5 | |
| 701 | 0 | @a胡元元@Ahu yuan yuan@4主编 |
| 801 | 0 | @aCN@bBJSZM@c20201106 |
| 905 | @b1191660-3@dTP3@e1075@f4 | |
| 电脑组装·维护·故障排除/胡元元主编.-南京:东南大学出版社,2018.01(2019.07) |
| 271页:图;26cm+1光盘 |
| 轻松学电脑教程系列 |
| ISBN 978-7-5641-7615-0:CNY39.00 |
| 本书全面介绍了电脑组装、维护和故障排除的相关知识。全书共分11章,涵盖了电脑的基础知识,电脑的硬件选购,组装电脑,设置BIOS,安装与配置操作系统,安装驱动程序与检测电脑,系统应用与常用软件,电脑的网络应用,电脑的日常维护与安全防范,电脑的优化,排除常见电脑故障等内容。 |
| ● |
| 相关链接 |
|
|
|
|
正题名:电脑组装·维护·故障排除
索取号:TP3/1075
 
预约/预借
| 序号 | 登录号 | 条形码 | 馆藏地/架位号 | 状态 | 备注 |
| 1 | 1191660 | 211916603 | 第二样本阅览室/ [索取号:TP3/1075] | 在馆 | |
| 2 | 1191661 | 211916612 | 第三借阅区/ [索取号:TP3/1075] | 在馆 | |
| 3 | 1191662 | 211916621 | 第三借阅区/ [索取号:TP3/1075] | 在馆 | |
| 4 | 1191663 | 211916630 | 第三借阅区/ [索取号:TP3/1075] | 在馆 |